=LDR 00000nam 2200000 4500 =001 INLIS000000000033935 =005 20130612135848 =008 ***********************************ind** =035 ##$$0010-061300000033935 =041 ##$$a ind =082 ##$$a 658.809 639 3 =090 ##$$a 658.809 639 3, Han t =100 ##$$a Hanafiah, A.M, Ir =245 ##$$a Tata niaga hasil perikanan, Ir. A. M Hanafiah, Dr. Ir. A.M Soefuddin =260 ##$$a 1986 $b Jakarta =300 ##$$a xiii,208 hlm, Ilus, 24 cm =850 ##$$a NBPNMAT =990 ##$$a 0001/BPAP-NTB/2015 =990 ##$$a 0001/BPAP-NTB/2015 =990 ##$$a 0001/BPAP-NTB/2015 =990 ##$$a 0001/BPAP-NTB/2015 =990 ##$$a 00590059 =990 ##$$a 01201900059 =990 ##$$a 0001/BPAP-NTB/2015 =990 ##$$a 0001/BPAP-NTB/2015